000 00455nam a2200181Ia 4500
001 15411
005 20260306170154.0
008 260306t2005||||xx |||||||||||||| ||und||
041 _aESP
082 _a540
_bA184
100 _aAtkins, Peter
_eAUT
245 0 _aPrincipios de química:
_blos caminos del descubrimiento
260 _c2005
300 _a992 páginas :
_c28 cm.; vs. pag.
650 _aGEN
654 _aCCN
942 _cLIB
_dJUS
_fJUS
_2ddc
_n
999 _c15411
_d15411